000 00668nam a22002177a 4500
003 UA-OsUOA
001 86603
007 ta
008 20120910b un ||||| |||| 00| 0 ukr d
100 _aБурджалов Э.
090 _a947.084.2
_bБ91
942 _cBK
040 _aUA-OsUOA
_brus
_cUA-OsUOA
_dUA-OsUOA
245 _aВ чём состоит значение Великой Октябрьской Социалистической революции
300 _a70 с.
955 _a5
041 _arus
080 _a947.084.2
260 _aМ.
_bГосполитиздат
_c1953
650 7 _a9 Географія. Біографії. Історія
_2UDC
999 _c372641
_d372641